Top 10 seriali wedlug IMDB - Statystyki

Ogólne statystyki
  • Ten quiz został rozwiązany 21 razy
  • Średni wynik to 3 z 10
Statystyki odpowiedzi
Hint Odpowiedź % Poprawnych
1 Breaking Bad
100%
7 Game Of Thrones
50%
6 The Sopranos
39%
4 The Wire
33%
3 Chernobyl
17%
2 Band Of Brothers
6%
8 Bluey
6%
5 Avatar The Last Airbender
0%
9 Full Metal Alchemist
0%
10 Rick And Morty
0%
Nie znaleziono quizów pasujących do podanych kryteriów
Rozkład punktacji
Procent ludzi z każdym wynikiem
Percentyl według liczby udzielonych odpowiedzi
Twoja historia wyników
Nie rozwiązałeś tego quizu